|
|
|
|
| LEADER |
00000cam a2200000 4500 |
| 001 |
vtls012268978 |
| 003 |
SK-MaSNL |
| 005 |
20260301110038.0 |
| 008 |
250108t2024 xo ao grf 001 0 slo |
| 015 |
|
|
|a SNBA2025/4
|
| 020 |
|
|
|a 9788055661940
|q (viazané)
|
| 040 |
|
|
|a SNK
|b slo
|c SNK
|e rda
|
| 041 |
1 |
|
|a slo
|h eng
|
| 044 |
|
|
|a xo
|c SK
|
| 072 |
|
7 |
|a 523/524
|x Slnečná sústava Hviezdy. Vesmír
|2 konspekt
|
| 080 |
|
|
|a 524.8
|2 2011
|
| 080 |
|
|
|a 113/119
|2 2011
|
| 080 |
|
|
|a 524.85
|2 2011
|
| 080 |
|
|
|a 524.882
|2 2011
|
| 080 |
|
|
|a (0.062)
|2 2011
|
| 100 |
1 |
|
|a Hawking, Stephen,
|d 1942-2018
|4 aut
|9 176582
|
| 240 |
1 |
4 |
|a The Illustrated theory of everything. The origin and fate of the universe
|l Slovensky
|
| 245 |
1 |
0 |
|a Ilustrovaná teória všetkého
|b počiatok a osud vesmíru
|c Stephen Hawking ; z anglického originálu ... preložil Igor Kapišinský
|
| 250 |
|
|
|a Prvé vydanie
|
| 264 |
|
1 |
|a [Bratislava]
|b Slovart
|c [2024]
|
| 264 |
|
4 |
|c ©2024
|
| 300 |
|
|
|a 119 strán
|b farebné fotografie a ilustrácie
|c 26 cm
|
| 336 |
|
|
|a text
|b txt
|2 rdacontent
|
| 337 |
|
|
|a bez média
|b n
|2 rdamedia
|
| 338 |
|
|
|a zväzok
|b nc
|2 rdacarrier
|
| 500 |
|
|
|a Celkovo druhé vydanie
|
| 500 |
|
|
|a Obsahuje biografické údaje o autorovi na záložke prebalu publikácie
|
| 504 |
|
|
|a Obsahuje register
|
| 650 |
0 |
7 |
|a vesmír
|2 SNKPH
|9 1770
|
| 650 |
0 |
7 |
|a kozmológia
|2 SNKPH
|9 732
|
| 650 |
0 |
7 |
|a čierne diery
|2 SNKPH
|9 2390
|
| 650 |
0 |
7 |
|a kozmogónia
|2 SNKPH
|9 1769
|
| 650 |
0 |
7 |
|a Universe
|2 SNKPHeng
|9 310664
|
| 650 |
0 |
7 |
|a Cosmology
|2 SNKPHeng
|9 277449
|
| 650 |
0 |
7 |
|a Black holes
|2 SNKPHeng
|9 318195
|
| 650 |
0 |
7 |
|a Cosmogony
|2 SNKPHeng
|9 397681
|
| 655 |
|
7 |
|a populárno-náučné publikácie
|2 SNKPH
|9 70460
|
| 655 |
|
7 |
|a Popular works
|2 SNKPHeng
|9 90287
|
| 700 |
1 |
|
|a Kapišinský, Igor,
|d 1947-2014
|4 trl
|9 88588
|
| 700 |
1 |
|
|a Ročkárová, Zita
|4 edt
|9 19538
|
| 852 |
|
|
|a Slovenská národná knižnica
|
| 919 |
|
|
|a 978-80-556-6194-0
|
| 958 |
|
|
|a OP
|
| 958 |
|
|
|a NB
|
| 999 |
|
|
|c 702239
|d 704169
|
| 952 |
|
|
|a SNK
|b SNK
|y VYP
|7 0
|p 17A1580866
|o snkSB 101180 D1
|i snk2025/15775
|8 3
|g 12.26
|0 0
|1 0
|4 0
|d 2025-10-06
|l 0
|r 2026-02-23 21:02:53
|w 2026-02-23
|
| 952 |
|
|
|a SNK
|b SNK
|y PREZ
|7 0
|p 17A1564307
|o snkSB 101180
|i snk2025/1980
|8 0
|0 0
|1 0
|4 0
|d 2025-02-06
|f 1
|l 0
|r 2025-05-22 00:00:00
|w 2026-02-23
|